LEADER 00828nam0-22002651i-450- 001 990003907850403321 005 20160222101458.0 035 $a000390785 035 $aFED01000390785 035 $a(Aleph)000390785FED01 035 $a000390785 100 $a20030910d1966----km-y0itay50------ba 101 0 $aeng 102 $aGB 200 1 $a<>works and correspondence of David Ricardo vol I°$eOn the principles of political economy and taxation$fSraffa Piero 210 $aCambridge$cCambridge university press$d1966 215 $a450 p$d24 cm 700 1$aSraffa,$bPiero$f<1898-1983>$050160 801 0$aIT$bUNINA$gRICA$2UNIMARC 901 $aBK 912 $a990003907850403321 952 $aISVE B1-B3.98$fDECTS 959 $aDECTS 996 $aWorks and correspondence of David Ricardo vol I$9516112 997 $aUNINA LEADER 00848nam0-22003011i-450 001 990001716140403321 005 20170518113125.0 035 $a000171614 035 $aFED01000171614 035 $a(Aleph)000171614FED01 035 $a000171614 100 $a20030910d1891----km-y0itay50------ba 101 0 $aita 200 1 $aIndustrie fondate sulla distillazione$fParide Palmeri. 210 $aNapoli$cMarghieri$d1891 215 $a299 p.$d25 cm 610 0 $aDistillazione 676 $a663.16 700 1$aPalmeri,$bParide$074025 801 0$aIT$bUNINA$gRICA$2UNIMARC 901 $aBK 912 $a990001716140403321 952 $a60 660.284 B 5$b17166$fFAGBC 952 $a60 660.284 B 4$b2881$fFAGBC 952 $a60 660.284 B 3$b1879$fFAGBC 959 $aFAGBC 996 $aIndustrie fondate sulla distillazione$9359066 997 $aUNINA